| 000 | 00397nam a22001457a 4500 | ||
|---|---|---|---|
| 020 | _a0070611971 | ||
| 040 | _cNust | ||
| 082 |
_a620.106 _bCEN |
||
| 100 |
_aYunus A. Cengel _913419 |
||
| 110 |
_aJohn M. Cimabla _9124618 |
||
| 245 |
_aFluid Mechanics _bFundamentals and applications in SI Units |
||
| 260 |
_aNew Delhi: _bTata McGraw-Hill, _c2006. |
||
| 650 | _aFluid Mechanics | ||
| 942 |
_2ddc _cBK |
||
| 999 |
_c610429 _d610429 |
||